| 000 | 00360 a2200157 4500 | ||
|---|---|---|---|
| 001 | 75813 | ||
| 020 | _a8599007017 | ||
| 040 | _cAnchieta - Colégio São Paulo | ||
| 100 | _aGouveia, Luis Augusto | ||
| 240 | 1 | 0 |
_aAsas da imaginação _lpor |
| 245 | 1 | 0 | _aAsas da imaginação |
| 300 | _a111 | ||
| 362 | 0 | _a2005 | |
| 650 | 4 | _aLiteratura infantil | |
| 942 | _cBK | ||
| 999 |
_c75813 _d75813 |
||